[Event "Mittelfranken-chTB1 1617"]
[Site "Mittelfranken"]
[Date "2016.11.27"]
[Round "3.4"]
[White "Kirbach, Thomas"]
[Black "Lutz, Thomas"]
[Result "0-1"]
[WhiteElo "1924"]
[BlackElo "1924"]
[PlyCount "88"]
[EventDate "2016.10.23"]
[EventType "team-tourn"]
[EventRounds "9"]
[EventCountry "GER"]
[SourceTitle "EXT 2022"]
[Source "ChessBase"]
[SourceDate "2021.10.06"]
[SourceVersion "1"]
[SourceVersionDate "2021.10.06"]
[SourceQuality "1"]
[WhiteTeam "Fuerth SF"]
[BlackTeam "Bechhofen"]
[WhiteTeamCountry "GER"]
[BlackTeamCountry "GER"]

1. d4 c5 2. c4 cxd4 3. Nf3 e5 4. g3 Nc6 5. Bg2 Bb4+ 6. Bd2 Bc5 7. Ng5 Nf6 8. 0-0 Qb6 9. Qc2 d6 10. Ne4 Nxe4 11. Bxe4 Bg4 12. Bc1 h5 13. h4 a5 14. a4 Bh3 15. Bg2 Bxg2 16. Kxg2 Nb4 17. Qf5 Qc6+ 18. Kg1 d3 19. e3 Nc2 20. Ra2 g6 21. Qf6 Rg8 22. b3 Bb6 23. Nd2 e4 24. Ba3 Rd8 25. c5 Nxa3 26. cxb6 Nc2 27. Rd1 Rd7 28. Nc4 Nb4 29. Raa1 Qd5 30. Rac1 Nc6 31. Nd2 Re7 32. Rc4 Re6 33. Qf4 f5 34. Rdc1 Kd7 35. Qh6 Rge8 36. b4 axb4 37. a5 Qxa5 38. Nb3 Qxb6 39. Nd4 Nxd4 40. Rc7+ Qxc7 41. Qg7+ R8e7 42. Rxc7+ Kxc7 43. Qxd4 Re5 44. Qc4+ Rc5 0-1

[Event "Regionalliga NO 1314"]
[Site "Bayern"]
[Date "2014.04.06"]
[Round "9.4"]
[White "Mann, Johannes"]
[Black "Lutz, Thomas"]
[Result "1-0"]
[WhiteElo "1973"]
[BlackElo "1974"]
[PlyCount "97"]
[EventDate "2013.10.13"]
[EventType "team-tourn"]
[EventRounds "9"]
[EventCountry "GER"]
[SourceTitle "EXT 2015"]
[Source "ChessBase"]
[SourceDate "2014.11.20"]
[SourceVersion "1"]
[SourceVersionDate "2014.11.20"]
[SourceQuality "1"]
[WhiteTeam "Forchheim II"]
[BlackTeam "Bechhofen"]
[WhiteTeamCountry "GER"]
[BlackTeamCountry "GER"]

1. d4 c5 2. d5 Nf6 3. c4 d6 4. Nc3 e5 5. e4 a6 6. f4 Nbd7 7. Nf3 Qe7 8. Bd3 g6 9. 0-0 Bg7 10. Qe2 h6 11. a3 Nh5 12. fxe5 Nxe5 13. Nxe5 Bxe5 14. Qf2 Bd7 15. Ne2 Rh7 16. Rb1 Bg4 17. Nf4 Nf6 18. Be3 g5 19. Ne2 Bh5 20. h3 Bg6 21. Ng3 Bxg3 22. Qxf6 Qxf6 23. Rxf6 Kd7 24. b4 Be5 25. Rff1 b6 26. bxc5 bxc5 27. Rb7+ Kc8 28. Rfb1 f6 29. R7b6 Rc7 30. Bd2 Be8 31. Ba5 Ba4 32. Be2 Bd7 33. Bg4 Bxg4 34. hxg4 Rca7 35. Kf2 Kd7 36. Ke3 Kc8 37. Rh1 Rh7 38. Rc6+ Kb8 39. Rb1+ Rb7 40. Bc7+ Ka7 41. Rxb7+ Kxb7 42. Bxd6 Bd4+ 43. Kd3 Rc8 44. Rxc8 Kxc8 45. e5 Kd7 46. Ke4 Bb2 47. a4 fxe5 48. Bxe5 Bc1 49. Kf5 1-0

[Event "Mittelfranken-chTB2a 1314"]
[Site "Mittelfranken"]
[Date "2014.01.12"]
[Round "4.2"]
[White "Lutz, Thomas"]
[Black "Muenster, Erich"]
[Result "1/2-1/2"]
[WhiteElo "1910"]
[BlackElo "1964"]
[PlyCount "78"]
[EventDate "2013.10.20"]
[EventType "team-tourn"]
[EventRounds "9"]
[EventCountry "GER"]
[SourceTitle "EXT 2020"]
[Source "ChessBase"]
[SourceDate "2019.10.17"]
[SourceVersion "1"]
[SourceVersionDate "2019.10.17"]
[SourceQuality "1"]
[WhiteTeam "Bechhofen II"]
[BlackTeam "Heilsbronn"]
[WhiteTeamCountry "GER"]
[BlackTeamCountry "GER"]

1. c4 e5 2. g3 Nc6 3. Bg2 Nf6 4. Nc3 Bb4 5. e3 0-0 6. Nge2 Re8 7. 0-0 Bxc3 8. Nxc3 d6 9. d4 e4 10. f3 exf3 11. Qxf3 Bg4 12. Qf2 Qd7 13. Nd5 Nxd5 14. Bxd5 Nd8 15. Bd2 Bh3 16. Bg2 Bxg2 17. Qxg2 Qe6 18. b3 Qe4 19. Qf2 Re7 20. Rae1 Ne6 21. h4 Rae8 22. b4 Nf8 23. c5 d5 24. b5 c6 25. a4 Nd7 26. Qe2 Qg6 27. Kh2 Nf6 28. Rf4 h5 29. Qf3 Ng4+ 30. Kh3 Qd3 31. Bc1 Qc2 32. Rxg4 hxg4+ 33. Qxg4 Qxa4 34. Rf1 Qxb5 35. Qf5 Qe2 36. Rf2 Qe1 37. Rf1 Qe2 38. Rf2 Qd1 39. Rf1 Qe2 1/2-1/2

[Event "Mittelfranken-chTB2a 1314"]
[Site "Mittelfranken"]
[Date "2013.10.20"]
[Round "1.1"]
[White "Lutz, Thomas"]
[Black "Goetz, Dieter"]
[Result "0-1"]
[WhiteElo "1910"]
[BlackElo "1828"]
[PlyCount "106"]
[EventDate "2013.10.20"]
[EventType "team-tourn"]
[EventRounds "9"]
[EventCountry "GER"]
[SourceTitle "EXT 2020"]
[Source "ChessBase"]
[SourceDate "2019.10.17"]
[SourceVersion "1"]
[SourceVersionDate "2019.10.17"]
[SourceQuality "1"]
[WhiteTeam "Bechhofen II"]
[BlackTeam "Nuernberg SK 1911 II"]
[WhiteTeamCountry "GER"]
[BlackTeamCountry "GER"]

1. c4 Nf6 2. Nc3 d6 3. d4 Nbd7 4. e4 e5 5. Bg5 Be7 6. Be3 c6 7. f3 a6 8. a4 Qc7 9. d5 c5 10. Qd2 Nf8 11. Bd3 Ng6 12. g3 Bd7 13. h4 h5 14. Nge2 b6 15. 0-0 Bh3 16. Rfb1 Bc8 17. Kg2 Qd7 18. Ng1 Nh7 19. Bf2 a5 20. Ra3 Ngf8 21. f4 exf4 22. Qxf4 Ng6 23. Qe3 Ne5 24. Be2 Nf6 25. Nf3 Qh3+ 26. Kg1 Nfg4 27. Qf4 Nxf3+ 28. Qxf3 Qh2+ 29. Kf1 Ne5 30. Qe3 Qh1+ 31. Bg1 Bg4 32. Nb5 Kd7 33. Rc3 Rh6 34. Ke1 Rf6 35. Kd2 Qg2 36. Rc2 Rf3 37. Qxf3 Bxf3 38. Nc3 Bxe2 39. Nxe2 Qxe4 40. Rd1 Qd3+ 41. Kc1 Qe4 42. b3 Nd3+ 43. Kd2 Bf6 44. Nc3 Bxc3+ 45. Rxc3 Nb4 46. Re1 Qg2+ 47. Re2 Qxg1 48. Rce3 Rd8 49. Re7+ Kc8 50. Rxf7 Qd4+ 51. Ke1 Nd3+ 52. Kf1 Ne5 53. Rf4 Qd3 0-1

[Event "Regionalliga NO 1314"]
[Site "Bayern"]
[Date "2013.10.13"]
[Round "1.7"]
[White "Lutz, Thomas"]
[Black "Sikorsky, Horst"]
[Result "1-0"]
[WhiteElo "1974"]
[BlackElo "1929"]
[PlyCount "95"]
[EventDate "2013.10.13"]
[EventType "team-tourn"]
[EventRounds "9"]
[EventCountry "GER"]
[SourceTitle "EXT 2015"]
[Source "ChessBase"]
[SourceDate "2014.11.20"]
[SourceVersion "1"]
[SourceVersionDate "2014.11.20"]
[SourceQuality "1"]
[WhiteTeam "Bechhofen"]
[BlackTeam "Gunzenhausen"]
[WhiteTeamCountry "GER"]
[BlackTeamCountry "GER"]

1. c4 Nf6 2. Nf3 g6 3. Nc3 Bg7 4. e4 d6 5. d4 0-0 6. Be2 e5 7. d5 Nbd7 8. Qc2 Nh5 9. 0-0 a5 10. Bg5 f6 11. Be3 Nc5 12. a3 f5 13. Bxc5 dxc5 14. Rfe1 Nf4 15. Bf1 g5 16. exf5 Bxf5 17. Qb3 Ng6 18. Ne4 Bxe4 19. Rxe4 Qf6 20. Qe3 Qf5 21. h3 b6 22. Re1 h5 23. Qxg5 Rf7 24. Bd3 Nf4 25. Qxf5 Rxf5 26. R4e3 Nxd3 27. Rxd3 Rf4 28. Nxe5 Re8 29. Rde3 a4 30. g3 Rd4 31. f4 h4 32. Re4 Rd2 33. R1e2 Rd1+ 34. Kg2 hxg3 35. Kxg3 Re7 36. Rg2 Kh7 37. Kh4 Bf6+ 38. Kh5 Rh1 39. Re3 Rf1 40. Ng4 Rf7 41. Nxf6+ Rxf6 42. Re7+ Kh8 43. Reg7 Rf5+ 44. Kh6 Rf6+ 45. R2g6 Rxg6+ 46. Rxg6 Rxf4 47. Re6 Kg8 48. Kg6 1-0

[Event "Regionalliga NO 1011"]
[Site "Bayern"]
[Date "2011.02.27"]
[Round "7.4"]
[White "Kalous, Miroslav"]
[Black "Lutz, Thomas"]
[Result "0-1"]
[WhiteElo "2055"]
[BlackElo "1963"]
[PlyCount "119"]
[EventDate "2010.10.10"]
[EventType "team-tourn"]
[EventRounds "9"]
[EventCountry "GER"]
[SourceTitle "EXT 2012"]
[Source "ChessBase"]
[SourceDate "2011.11.24"]
[SourceVersion "1"]
[SourceVersionDate "2011.11.24"]
[SourceQuality "1"]
[WhiteTeam "Windischeschenbach"]
[BlackTeam "Bechhofen"]
[WhiteTeamCountry "GER"]
[BlackTeamCountry "GER"]

1. d4 c5 2. e3 e6 3. Nf3 Nf6 4. b3 a6 5. Bd3 Nc6 6. a3 d5 7. Nbd2 cxd4 8. exd4 Bd6 9. Bb2 0-0 10. 0-0 Qc7 11. Qe2 h6 12. Ne5 Re8 13. Kh1 Bxe5 14. dxe5 Nd7 15. f4 Nc5 16. Rf3 Nxd3 17. Rxd3 Ne7 18. Nf3 Bd7 19. Nd4 Rac8 20. Rc1 Ng6 21. Rf3 b5 22. g3 Qb7 23. h4 Ne7 24. g4 Nc6 25. h5 Qb6 26. Qf2 a5 27. Rg1 b4 28. a4 Rf8 29. g5 Kh7 30. gxh6 gxh6 31. Rfg3 Rg8 32. Qg2 Qd8 33. Rg7+ Kh8 34. Qg3 Qf8 35. Rxg8+ Qxg8 36. Qh4 Qd8 37. Qg3 Qf8 38. Nb5 Ne7 39. Qh4 Bxb5 40. axb5 Nf5 41. Qf6+ Kh7 42. b6 Rb8 43. Ra1 Rxb6 44. Rxa5 Rb7 45. Ra6 Qg8 46. Ra1 Qg4 47. Ra8 Qxh5+ 48. Kg1 Qg4+ 49. Kh2 Qxf4+ 50. Kg1 Qg3+ 51. Kf1 Qf3+ 52. Ke1 Qe3+ 53. Kd1 Qg1+ 54. Ke2 Qg2+ 55. Ke1 Qg7 56. Qd8 h5 57. Bc1 Qxe5+ 58. Kf1 Qg7 59. Bg5 Kg6 60. Bf4 0-1

[Event "Regionalliga NO 0809"]
[Site "Bayern"]
[Date "2009.03.01"]
[Round "7.5"]
[White "Wallinger, Manfred"]
[Black "Lutz, Thomas"]
[Result "1/2-1/2"]
[WhiteElo "2142"]
[BlackElo "1938"]
[PlyCount "108"]
[EventDate "2008.10.05"]
[EventType "team-tourn"]
[EventRounds "9"]
[EventCountry "GER"]
[SourceTitle "EXT 2020"]
[Source "ChessBase"]
[SourceDate "2019.10.17"]
[SourceVersion "1"]
[SourceVersionDate "2019.10.17"]
[SourceQuality "1"]
[WhiteTeam "Altensittenbach"]
[BlackTeam "Bechhofen"]
[WhiteTeamCountry "GER"]
[BlackTeamCountry "GER"]

1. d4 d5 2. c4 c6 3. cxd5 cxd5 4. Nc3 Nf6 5. Nf3 Nc6 6. Bf4 a6 7. e3 Bf5 8. Bd3 Bxd3 9. Qxd3 e6 10. 0-0 Bd6 11. Rac1 Bxf4 12. exf4 0-0 13. Na4 Ne4 14. Nc5 Nxc5 15. Rxc5 Qf6 16. g3 Rac8 17. Rfc1 Qe7 18. Ne5 Nxe5 19. fxe5 Rxc5 20. Rxc5 g6 21. Qc3 Rd8 22. Rc7 Rd7 23. Rc8+ Kg7 24. Kg2 h6 25. b4 g5 26. a4 f6 27. exf6+ Qxf6 28. Qe3 Qf5 29. b5 Qe4+ 30. Qf3 axb5 31. axb5 g4 32. Qxe4 dxe4 33. b6 Kf6 34. Rh8 Kg6 35. Rb8 h5 36. Kf1 Kf6 37. Ke2 Rxd4 38. Rxb7 Rb4 39. Rb8 Ke7 40. b7 Kd6 41. Ke3 Ke5 42. Ke2 Rb6 43. Rh8 Rxb7 44. Rxh5+ Kd4 45. Rh4 Rb2+ 46. Ke1 Kd3 47. Kf1 e3 48. fxe3 Kxe3 49. Rxg4 Rxh2 50. Rf4 e5 51. Kg1 Rh3 52. Rf5 Rxg3+ 53. Kh2 Ke4 54. Rxe5+ Kxe5 1/2-1/2

[Event "Regionalliga NO 0809"]
[Site "Bayern"]
[Date "2008.10.05"]
[Round "1.5"]
[White "Rosin, Ralf"]
[Black "Lutz, Thomas"]
[Result "1-0"]
[WhiteElo "1986"]
[BlackElo "1938"]
[PlyCount "127"]
[EventDate "2008.10.05"]
[EventType "team-tourn"]
[EventRounds "9"]
[EventCountry "GER"]
[SourceTitle "EXT 2020"]
[Source "ChessBase"]
[SourceDate "2019.10.17"]
[SourceVersion "1"]
[SourceVersionDate "2019.10.17"]
[SourceQuality "1"]
[WhiteTeam "Grossenseebach"]
[BlackTeam "Bechhofen"]
[WhiteTeamCountry "GER"]
[BlackTeamCountry "GER"]

1. d4 d5 2. Nf3 Nf6 3. e3 g6 4. Bd3 Bg7 5. Nbd2 Nbd7 6. c3 c6 7. e4 dxe4 8. Nxe4 Nxe4 9. Bxe4 Nf6 10. Bc2 Bg4 11. 0-0 0-0 12. h3 Bxf3 13. Qxf3 Qd5 14. Qe2 e6 15. Bf4 Rac8 16. Rfd1 Qh5 17. Qe5 c5 18. dxc5 Rxc5 19. Qxh5 Rxh5 20. Bb3 Rc8 21. Rd3 Bf8 22. Rad1 a5 23. Rd8 Rxd8 24. Rxd8 Kg7 25. a4 b5 26. Ra8 bxa4 27. Bxa4 Rc5 28. Be3 Rd5 29. c4 Re5 30. Kf1 Bb4 31. Ra7 Re4 32. c5 Nd5 33. c6 Rc4 34. Ke2 Nxe3 35. fxe3 Kf6 36. Kd3 Rc5 37. e4 Rc1 38. Bc2 Bd6 39. Rd7 Be5 40. c7 Bxc7 41. Rxc7 Rg1 42. e5+ Kxe5 43. Rxf7 Rxg2 44. Rxh7 g5 45. Kc3 Kf4 46. h4 g4 47. Rf7+ Kg3 48. h5 Rh2 49. Bg6 Kh4 50. Ra7 g3 51. Be4 Kg4 52. Rxa5 Kf4 53. Bc6 e5 54. Ra4+ Kf5 55. Bf3 g2 56. Bxg2 Rxg2 57. Rh4 Rg8 58. h6 Rc8+ 59. Kd2 Kg5 60. Rh1 Rh8 61. h7 Kg6 62. Ke3 Kf5 63. b4 e4 64. b5 1-0

[Event "Mittelfrankenliga-B1 0708"]
[Site "Mittelfranken"]
[Date "2008.01.13"]
[Round "4.4"]
[White "Lutz, Thomas"]
[Black "Zwingel, Stephan"]
[Result "1/2-1/2"]
[WhiteElo "1938"]
[BlackElo "1975"]
[PlyCount "70"]
[EventDate "2007.10.14"]
[EventType "team-tourn"]
[EventRounds "9"]
[EventCountry "GER"]
[SourceTitle "EXT 2011"]
[Source "ChessBase"]
[SourceDate "2010.11.26"]
[SourceVersion "1"]
[SourceVersionDate "2010.11.26"]
[SourceQuality "1"]
[WhiteTeam "Bechhofen"]
[BlackTeam "Zirndorf II"]
[WhiteTeamCountry "GER"]
[BlackTeamCountry "GER"]

1. d4 Nf6 2. Nf3 g6 3. c4 Bg7 4. Nc3 d6 5. e4 0-0 6. Be2 e5 7. d5 a5 8. 0-0 Na6 9. Ne1 Nc5 10. f3 Nh5 11. Rf2 Nf4 12. Bf1 f5 13. Bxf4 exf4 14. Rd2 Bxc3 15. bxc3 fxe4 16. fxe4 Nxe4 17. Rd4 Nc5 18. Qf3 Qg5 19. h3 Bd7 20. Nd3 Nxd3 21. Bxd3 Rae8 22. Re4 Bf5 23. Rxf4 Bxd3 24. Rxf8+ Rxf8 25. Qxd3 Qe5 26. Rf1 Rxf1+ 27. Kxf1 Kg7 28. Kf2 Kf6 29. Qd4 h5 30. Kf3 Qxd4 31. cxd4 h4 32. Ke4 b6 33. a4 Kg5 34. Kf3 Kf5 35. Ke3 Kg5 1/2-1/2

[Event "Mittelfrankenliga-B1 0708"]
[Site "Mittelfranken"]
[Date "2007.11.25"]
[Round "3.4"]
[White "Walter, Florian"]
[Black "Lutz, Thomas"]
[Result "1-0"]
[WhiteElo "1849"]
[BlackElo "1938"]
[PlyCount "61"]
[EventDate "2007.10.14"]
[EventType "team-tourn"]
[EventRounds "9"]
[EventCountry "GER"]
[SourceTitle "EXT 2011"]
[Source "ChessBase"]
[SourceDate "2010.11.26"]
[SourceVersion "1"]
[SourceVersionDate "2010.11.26"]
[SourceQuality "1"]
[WhiteTeam "Nuernberg NT III"]
[BlackTeam "Bechhofen"]
[WhiteTeamCountry "GER"]
[BlackTeamCountry "GER"]

1. e4 c5 2. d4 cxd4 3. c3 d3 4. Bxd3 g6 5. Nf3 Bg7 6. 0-0 d6 7. Bf4 Nf6 8. Qe2 0-0 9. Re1 Nc6 10. a3 Bg4 11. h3 Bxf3 12. Qxf3 Ne5 13. Bxe5 dxe5 14. Nd2 b5 15. Rad1 Rb8 16. Qe2 Qb6 17. c4 b4 18. axb4 Qxb4 19. Qe3 Rfd8 20. Nf3 Qxb2 21. Qxa7 Qc3 22. Bb1 Re8 23. Rc1 Qb4 24. Nxe5 Ra8 25. Qe3 Ra3 26. Nd3 Qa5 27. e5 Nd7 28. e6 Nf6 29. exf7+ Kxf7 30. Qe6+ Kf8 31. Ne5 1-0

[Event "Mittelfrankenliga-B1 0607"]
[Site "Mittelfranken"]
[Date "2006.11.12"]
[Round "2.4"]
[White "Hetzner, Helmut"]
[Black "Lutz, Thomas"]
[Result "0-1"]
[WhiteElo "1876"]
[BlackElo "1924"]
[PlyCount "32"]
[EventDate "2006.10.22"]
[EventType "team-tourn"]
[EventRounds "9"]
[EventCountry "GER"]
[SourceTitle "EXT 2011"]
[Source "ChessBase"]
[SourceDate "2010.11.26"]
[SourceVersion "1"]
[SourceVersionDate "2010.11.26"]
[SourceQuality "1"]
[WhiteTeam "Schwabach"]
[BlackTeam "Bechhofen"]
[WhiteTeamCountry "GER"]
[BlackTeamCountry "GER"]

1. e4 c5 2. Nf3 e6 3. d4 cxd4 4. Nxd4 a6 5. Nc3 Qc7 6. a3 Nf6 7. Be2 b5 8. 0-0 Bb7 9. Bf3 d6 10. g4 h6 11. h4 Nc6 12. g5 hxg5 13. hxg5 d5 14. Re1 Nxe4 15. g6 Qh2+ 16. Kf1 Qxf2# 0-1

[Event "Staufer op 15th"]
[Site "Schwaebisch Gmuend"]
[Date "2003.01.04"]
[Round "6"]
[White "Lutz, Thomas"]
[Black "Buchele, Sidonia"]
[Result "1/2-1/2"]
[WhiteElo "2079"]
[BlackElo "2206"]
[PlyCount "63"]
[EventDate "2003.01.02"]
[EventType "swiss"]
[EventRounds "9"]
[EventCountry "GER"]
[SourceTitle "EXT 2004"]
[Source "ChessBase"]
[SourceDate "2003.11.25"]
[SourceVersion "1"]
[SourceVersionDate "2003.11.25"]
[SourceQuality "1"]

1. d4 Nf6 2. c4 e5 3. dxe5 Ng4 4. Nf3 Nc6 5. e3 Ngxe5 6. Nbd2 g6 7. Be2 Bg7 8. 0-0 0-0 9. Rb1 d5 10. b3 Bf5 11. Ba3 Bxb1 12. Bxf8 Qxf8 13. Qxb1 Rd8 14. cxd5 Rxd5 15. Nc4 Qd8 16. Nfxe5 Nxe5 17. Nxe5 Bxe5 18. Qe4 Qd6 19. f4 Bf6 20. Bc4 Rd2 21. Qe8+ Qf8 22. Bxf7+ Kg7 23. Qxf8+ Kxf8 24. Bc4 Rxa2 25. Rd1 Be7 26. e4 Bc5+ 27. Kh1 Rb2 28. h3 Ke7 29. Rd5 Be3 30. g3 Rd2 31. Rxd2 Bxd2 32. Kg2 1/2-1/2

[Event "Bayern-chI Bank Hofmann 6th"]
[Site "Bad Wiessee"]
[Date "2002.10.30"]
[Round "5"]
[White "Lutz, Thomas"]
[Black "Dirr, Ulrich"]
[Result "0-1"]
[WhiteElo "2079"]
[BlackElo "2322"]
[PlyCount "48"]
[EventDate "2002.10.26"]
[EventType "swiss"]
[EventRounds "9"]
[EventCountry "GER"]
[SourceTitle "EXT 2003"]
[Source "ChessBase"]
[SourceDate "2002.11.25"]
[SourceVersion "1"]
[SourceVersionDate "2002.11.25"]
[SourceQuality "1"]

1. d4 f5 2. g3 Nf6 3. Bg2 g6 4. h4 d6 5. Nc3 Nc6 6. Nh3 Bg7 7. Qd3 e5 8. Bxc6+ bxc6 9. dxe5 dxe5 10. Qc4 Qd7 11. Be3 Qe6 12. Qa4 h6 13. 0-0-0 0-0 14. Bc5 Re8 15. f3 Nd7 16. Bd6 cxd6 17. Qxc6 Nb6 18. Rxd6 Qf7 19. Rhd1 Bb7 20. Qb5 Rab8 21. a4 Bf8 22. R6d3 Qc4 23. Qa5 Bc6 24. Qxa7 Rb7 0-1